Ancient Rome 2 - Statistics

General Stats
  • This quiz has been taken 540 times
  • The average score is 6 of 20
Answer Stats
Hint Answer % Correct
Who was the Roman King of Gods? Jupiter
81%
What month is named after Janus? January
80%
What was the name of the most famous circus in Rome? Circus Maximus
62%
How many years did a legionary have to serve in the legions before they were eligible for Roman citizenship? 25
55%
Which General eventually defeated Hannibal at the end of the Second Punic War? Scipio
52%
What does 'SPQR' stand for? Senatus Populus Que Romanus
44%
Who was the last king of Rome? Tarquin
37%
What cognomen was awarded to the Roman General in honour of his final victory in the Second Punic War? Africanus
36%
Which Roman General defeated Spartacus? Crassus
36%
Where was the battle that ended the Second Punic War fought? Zama
26%
What did the Romans call the passageway behind a tier of seats in an amphitheatre? Vomitorium
15%
How many people could the answer to question 5 hold? 250,000
13%
In his bid to win a race in the answer to question 5, what animals, other than horses did Nero us to pull his chariot? Camels
8%
According to Plutarch what did Julius Caesar say immediately before he died? Nothing
3%
In which city was Pompey killed? Pelusium
3%
What did a centurion use to discipline his men? Vine cane, Vine rod
3%
What was the name of the conference that renewed the First Triumvirate? Lucca Conference
2%
What did Plutarch call the Third Servile War? War of Spartacus
1%
On the banks of which river did Spartacus make his last stand? River Siler
0%
Suetonius asserts that Nero married a Vestal, what was her name? Rubria
0%
No matching quizzes found
Score Distribution
Percent of People with Each Score
Percentile by Number Answered
Your Score History
You have not taken this quiz